| 000 | 00784nam a2200217 a 4500 | ||
|---|---|---|---|
| 001 | 70986 | ||
| 003 | BD-RjUL | ||
| 005 | 20211209082051.0 | ||
| 008 | 170423r19461944ii ||||| |||| 00| 0 ben d | ||
| 035 | _a(BD-RjUL)71200 | ||
| 040 |
_aBD-RjUL _beng _cBD-RjUL |
||
| 041 | _aeng | ||
| 082 |
_223 _a667.3 _bCOR 1946 |
||
| 100 |
_aচক্রবর্তী, দুংখহরণ _9210043 |
||
| 245 |
_aরঞ্জন-দ্রব্য / _cদুংখহরণ চক্রবর্তী |
||
| 260 |
_aকলিকাতা : _bবিশ্বভারতী গ্রন্থালয়, _c১৯৪৬ [১৩৫৩]. |
||
| 300 |
_a৫৩ পৃ. ; _c১৮ সেমি. |
||
| 650 |
_aরঞ্জন-দ্রব্য _9210044 |
||
| 650 |
_aDyeing. _9210045 |
||
| 942 |
_2ddc _cBK |
||
| 999 |
_c70986 _d70986 |
||